| 000 | 01857nam a2200373Ia 4500 | ||
|---|---|---|---|
| 001 | dia_5521 | ||
| 003 | CHAP | ||
| 005 | 20240131135437.0 | ||
| 007 | ta | ||
| 008 | 220117s1992 mx ade fr 001 0 spa d | ||
| 040 |
_cCHAP _amxchpua |
||
| 090 |
_aT.C.145 _bY33 ETIPA _c1992 |
||
| 245 | 1 | 0 |
_aReporte de estancia en planta CITROMÉXICO S. A. de C. V. / _ccoordinadora Ma. Carmen Ybarra Moncada ; colaboradores Martín Arcadio Cruz López...[ et al. ] |
| 260 |
_aMéxico : _bEl autor, _c1992 |
||
| 300 |
_acerca 90 hojas : _bilustraciones, gráficas, diagramas, tablas, planos |
||
| 336 |
_2rdacontent _atexto _btxt |
||
| 337 |
_2rdamedia _asin medio _bn |
||
| 338 |
_2rdacarrier _avolumen _bnc |
||
| 500 | _a7º año | ||
| 502 |
_aViaje de estudios _b(ETIPA) -- _cUACh. Departamento de Ingeniería Agroindustrial, _d1992 |
||
| 504 | _aBibliografía: hoja 71 | ||
| 505 | _a8 Planos -- 1. Plano de obra cívil (Esc. 1: 500) -- 2. Distribución de equipo I (Esc. 1 : 500) -- 3. Distribución de equipo II (Esc. 1 : 500) -- 4. Distribución de áreas (1 : 500) -- 5. Diagrama de flujo del proceso de elaboración de jugo de naranja -- 6. Diagrama de tubería e instrumentación de extracción, evaporazación y llenado -- 7. Diagrama de tubería e instrumentación -- 8. Cursograma analítico para jugo, cáscara y aceite de naranja (Esc. 1 : 500) | ||
| 650 | 1 | 3 |
_aJugo de naranja _xIndustria y comercio _9158840 _zMéxico _zNuevo León |
| 650 | 1 | 3 |
_aOrange juice industry _9158841 _zMexico _zNuevo León |
| 700 | 1 |
_aYbarra Moncada, Ma. Carmen _9163649 _ecoordinadora |
|
| 700 | 1 |
_aCruz López, Martín Arcadio _929483 _ecolaborador |
|
| 901 | _aT.C.145 Y33 ETIPA 1992 | ||
| 902 | _aM | ||
| 905 | _a5332271992 mx enia8222223322spa16 | ||
| 942 | _2local | ||
| 942 | _cVE | ||
| 999 |
_c176440 _d176440 |
||